000 00685nam a2200229Ia 4500
001 15808
003 GE_BSU
008 181216s||||||||xx |||||||||||||| ||und||
040 _cGE_BSU
080 _a821.353.1-32
100 _aჭეიშვილი, სერგო
245 _aკერია
245 _bმოთხრობები
245 _cრედ.თ.აბულაძე. მხ. ა.თევზაძე
260 _aთბილისი
260 _bსაბჭ. საქართველო
260 _c1975
300 _a123გვ. ; 16სმ.ილ.
653 _aკერია
653 _aმოთხრობები
942 _cBK
999 _c48905
_d48905